|
|
|
|
| LEADER |
00691cam a2200181 7i4500 |
| 001 |
0000042114 |
| 005 |
20151104090000.0 |
| 005 |
##20151104152700.0 |
| 003 |
##MY-KlINT |
| 039 |
# |
9 |
|y 201511041527
|z VLOAD
|
| 090 |
0 |
0 |
|a 297.03321 QUR
|
| 100 |
1 |
# |
|a QURESHI, Anwar Iqbal
|
| 245 |
0 |
0 |
|a Islam and the theory of interest /
|c Anwar Iqbal Qureshi..
|
| 260 |
# |
# |
|a Qasimjan St. Delhi:
|b Idarah-I Adabiyah-I Delli,
|c 1979.
|
| 300 |
# |
# |
|a xxiv, 223 p;
|c 22cm.
|
| 500 |
# |
# |
|a Includes index
|
| 505 |
0 |
# |
|a This little work embodies the substance of a lecture delivered to the society for the Highter training of Youth,and forms a mere attempt towards the exposition of Islamic ethics.
|
| 650 |
# |
0 |
|a Banks and banking in Islam
|